An introduction to town planning techniques. (Record no. 14009)

000 -LEADER
fixed length control field 00676cam a2200241 4500
005 - DATE AND TIME OF LATEST TRANSACTION
control field 20260304192019.0
008 - FIXED-LENGTH DATA ELEMENTS--GENERAL INFORMATION
fixed length control field 740808s1974 enka b 000 0 eng
010 ## - LIBRARY OF CONGRESS CONTROL NUMBER
LC control number 74173702
020 ## - INTERNATIONAL STANDARD BOOK NUMBER
International Standard Book Number 0091168902
-- 0091168910 (pbk.)
020 ## - INTERNATIONAL STANDARD BOOK NUMBER
International Standard Book Number 9780091168902
020 ## - INTERNATIONAL STANDARD BOOK NUMBER
International Standard Book Number 9780091168919
Qualifying information (pbk.)
035 ## - SYSTEM CONTROL NUMBER
System control number 4574230
040 ## - CATALOGING SOURCE
Original cataloging agency DLC
Transcribing agency DLC
Modifying agency DLC
050 00 - LIBRARY OF CONGRESS CALL NUMBER
Classification number HT166
Item number .R56
082 00 - DEWEY DECIMAL CLASSIFICATION NUMBER
Classification number 309.2/62
100 1# - MAIN ENTRY--PERSONAL NAME
Personal name Roberts, Margaret.
245 13 - TITLE STATEMENT
Title An introduction to town planning techniques.
260 ## - PUBLICATION, DISTRIBUTION, ETC. (IMPRINT)
Place of publication, distribution, etc [London]
Name of publisher, distributor, etc Hutchinson Educational
Date of publication, distribution, etc [1974]
300 ## - PHYSICAL DESCRIPTION
Extent vii, 406 p.
Other physical details illus.
Dimensions 23 cm.
504 ## - BIBLIOGRAPHY, ETC. NOTE
Bibliography, etc Includes bibliographies.
650 #0 - SUBJECT ADDED ENTRY--TOPICAL TERM
Topical term or geographic name as entry element City planning.
942 ## - ADDED ENTRY ELEMENTS (KOHA)
Source of classification or shelving scheme
Holdings
Withdrawn status Lost status Source of classification or shelving scheme Damaged status Koha normalized classification for sorting Not for loan Permanent location Current location Shelving location Date acquired Full call number Barcode Date last seen Price effective from Koha item type
        309_200000000000000_62   BMS College of Architecture, Design and Planning BMS College of Architecture, Design and Planning General Stacks 2025-12-02 309.2/62 AR-PG785 2026-02-10 2026-02-10 PG Books
Copyright © 2025, The Librarian, Library and Information Centre, BMSCA D&P, Bengaluru. All Rights Reserved
web counter

Powered by Koha